| 000 | 00680 a2200217 4500 | ||
|---|---|---|---|
| 020 | _a1575212218 | ||
| 040 |
_aDLC _bDLC |
||
| 082 | 0 | 0 | _a741.6 |
| 100 | 1 | _aHolzschlag, Molly E. | |
| 245 | 1 | 0 |
_aLaura Lemay's guide to sizzling Web site design _cMolly E. Holzschlag. |
| 246 | 3 | 0 | _aGuide to sizzling Web site design |
| 246 | 3 | 0 | _aSizzling Web site design |
| 250 | _a1st ed. | ||
| 260 |
_aIndianapolis, Ind. : _bSams.net, _cc1997. |
||
| 300 |
_axiv, 218 p. : _bill. ; _c26 cm. + _e1 computer laser optical disc (4 3/4 in.) |
||
| 500 | _aIncludes index. | ||
| 650 | 0 |
_aWeb sites _xDesign. |
|
| 650 | 0 | _aWeb publishing. | |
| 700 | 1 | _aLemay, Laura. | |
| 942 |
_cBK _k005.3762 HOL _2ddc |
||
| 999 |
_c6162 _d6162 |
||